[Event "83rd Tata Steel Masters 2021"]
[Site "Wijk aan Zee"]
[Date "2021.01.27"]
[Round "10.2"]
[White "Vachier-Lagrave, Maxime"]
[Black "Donchenko, Alexander"]
[Result "1-0"]
[WhiteElo "2784"]
[BlackElo "2668"]
[Annotator "TA"]
[PlyCount "129"]
[EventDate "2021.01.16"]
[EventType "tourn"]
[EventCountry "NED"]
[SourceTitle "playchess.com"]
[Source "ChessBase"]
[SourceQuality "1"]

{[%evp 9,129,0,0,0,0,0,0,0,7,-28,-6,-26,-15,-35,-30,-61,-41,-49,-58,-132,-137,-152,-129,-182,-178,-194,-183,-184,-180,-184,-174,-188,-165,-148,-144,-155,-29,-26,-21,-28,-17,-18,-11,-21,-21,-12,-27,-9,-9,-9,-9,-9,-9,-14,-10,-24,0,-22,0,0,0,0,0,0,0,0,0,0,0,0,0,0,0,0,0,0,0,0,0,0,0,0,0,0,0,0,0,0,0,0,0,0,35,35,35,35,35,20,23,16,22,0,3,0,22,8,300,300,300,300,300,300,292,277,29968,29970,29969,29972,29973,29972,29985,29986]} 1. e4 c6 2. d4 d5 3. f3 e6 4. Nc3 Bb4 5. Bd2 Ne7 6. Bd3 {B12: Caro-Kann: Advance Variation.} b6 7. a3 Bxc3 8. Bxc3 {The position is equal.} O-O {[#]} 9. f4 $146 ({Predecessor:} 9. Ne2 c5 10. b3 Nbc6 11. O-O dxe4 12. Bxe4 Ba6 13. Bd3 Bxd3 14. Qxd3 cxd4 15. Nxd4 {½-½ (98) Denisov,I (2354)-Svetushkin,D (2598) Moscow 2012}) 9... c5 10. dxc5 bxc5 {[%cal Bb6c5,Bc5c4,Bc4d3,Bd3d2][%mdl 32]} 11. Qh5 Ba6 12. Nf3 d4 13. Bd2 ({Don't blunder} 13. Ng5 $2 h6 $19) 13... c4 14. Ba5 Qc8 $17 15. Be2 Nbc6 16. Qc5 (16. Bd2 $17) 16... d3 17. cxd3 cxd3 18. Bd1 Nxa5 19. Qxa5 Rb8 20. b3 Rd8 {White must now prevent ...d2+.} 21. O-O d2 22. Rf2 Rb5 (22... Nc6 $1 $17 {[%cal Rc6a5]} 23. Qh5 h6 24. Nxd2 Nd4) 23. Qa4 $11 Ng6 ({Of course not} 23... Qc3 $6 24. Ra2 $16) 24. g3 Rc5 ({Don't play} 24... Qc3 $6 25. Ra2 $14) 25. Rxd2 Rxd2 26. Nxd2 Rc1 27. Rxc1 Qxc1 {[%mdl 64] Double Attack} 28. Qxa6 {Hoping for Qe2.} Qxd1+ 29. Nf1 Qd4+ {[%mdl 64] Double Attack} 30. Kg2 Qxe4+ 31. Kf2 Qd4+ 32. Ke2 h5 33. Qc8+ Kh7 (33... Nf8 {is interesting.} 34. Qc2 e5 35. f5 Qg4+ 36. Ke3 Qg5+) 34. Qc2 Qd5 35. Kf2 Kg8 (35... e5 {seems wilder.} 36. f5 Qd4+ 37. Ke2 Ne7 38. f6+ Ng6) 36. Qc8+ Nf8 37. Qc4 Qd6 38. b4 Nd7 39. Ke2 Nf6 40. Ne3 Qd8 41. b5 Qf8 42. Qc3 Qd8 43. a4 Nd5 44. Qd4 Qe7 $1 45. Nxd5 exd5+ {[%mdl 4096] Endgame KQ-KQ} 46. Kf2 Qa3 47. Qxd5 (47. Qxa7 {keeps more tension.} Qb2+ 48. Kf3 Qb3+ 49. Qe3 Qxa4 50. Qd3) 47... Qxa4 48. Qxh5 Qd4+ 49. Kf1 Qa1+ 50. Kg2 a6 51. bxa6 {Qb5 is the strong threat.} Qa2+ 52. Kh3 {Strongly threatening Qb5.} Qe6+ 53. Qg4 {White threatens Qxe6 and mate.} Qxa6 54. Qf3 Qe6+ 55. g4 (55. f5 {is more complex.} Qh6+ 56. Kg2 Qd2+ 57. Kg1 Qd4+ 58. Kh1) 55... f5 56. g5 (56. gxf5 {with more complications.} Qxf5+ 57. Kg2 Qg6+ 58. Kf2 Qc2+ 59. Qe2) 56... Qe1 (56... Kf7 {feels hotter.} 57. Kg2 Qe1 58. Qb7+ Kg6 59. Qb6+ Kh5) 57. g6 {Qa8+ would kill now.} (57. Qd5+ {keeps more tension.} Kh8 58. Qd3 Qg1 59. Qe2 Kh7 60. Kh4) 57... Qe8 {[%mdl 8192]} (57... Kf8 $11) 58. Qd5+ $18 {[%mdl 64] Double Attack} Kh8 59. Qxf5 {And now Qh5+ would win.} Qe3+ 60. Kh4 $1 {[%cal Rf5f8]} Qe1+ {[#]} 61. Kh5 $1 {[%cal Rf5f8]} Qe2+ $2 {[#]} (61... Qd1+ $18 62. Kh4 Qe1+ 63. Kg5 Qe7+ 64. Kh5 Qd8) 62. Qg4 $1 {White mates.} Qe6 63. f5 Qe5 64. Qh3 Qf4 65. f6 {[%cal Rh3c8] White used his chance.  Weighted Error Value: White=0.05/Black=0.22} 1-0

[Event "83rd Tata Steel Masters 2021"]
[Site "Wijk aan Zee"]
[Date "2021.01.27"]
[Round "10.5"]
[White "Giri, Anish"]
[Black "Wojtaszek, Radoslaw"]
[Result "1-0"]
[WhiteElo "2764"]
[BlackElo "2705"]
[Annotator "TA"]
[PlyCount "97"]
[EventDate "2021.01.16"]
[EventType "tourn"]
[EventCountry "NED"]
[SourceTitle "playchess.com"]
[Source "ChessBase"]
[SourceQuality "1"]

{[%evp 11,97,30,21,23,21,15,28,0,2,0,0,0,4,0,0,0,0,0,0,0,0,0,8,0,33,2,24,11,22,1,2,6,47,36,49,37,43,33,32,41,40,33,41,50,74,31,23,25,60,65,61,27,28,27,57,27,20,15,28,12,26,15,18,0,26,26,26,26,33,27,27,27,62,54,62,56,66,67,108,109,90,87,126,111,122,111,658,621]} 1. d4 Nf6 2. Bf4 d5 3. e3 c5 4. Nf3 Nc6 5. Nbd2 Bg4 6. c3 e6 7. Qb3 {7.Qb3 is better than 7.Qa4. D02: 1 d4 d5 2 Nf3 sidelines, including 2...Nf6 3 g3 and 2...Nf6 3 Bf4.} Qc8 8. h3 Bh5 9. Be2 $5 {[%mdl 4] White has an edge. Exploring less charted territory.} Be7 10. O-O O-O {[#]} 11. Qd1 $146 ({Predecessor:} 11. Rfe1 c4 12. Qd1 b5 13. g4 Bg6 14. Nh4 Qd8 15. Nxg6 hxg6 16. Bf3 Nd7 17. e4 {½-½ (55) Johnson,L (2323)-Bartholomew,J (2539) Minneapolis 2014}) 11... Nd7 12. Re1 Qd8 13. dxc5 Nxc5 14. b4 Nd7 15. a3 Nb6 16. Rc1 f6 17. e4 e5 18. Be3 Bf7 19. Bxb6 axb6 20. exd5 $1 Bxd5 21. a4 f5 22. b5 e4 23. bxc6 exf3 24. Bxf3 bxc6 25. Bxd5+ cxd5 26. Nf3 Bf6 27. Re6 Kh8 28. Qb3 Qd7 29. Rxb6 Rxa4 30. Rd1 Raa8 31. Rxd5 Qc7 {Threatens to win with ...Ra1+.} 32. g3 Qxc3 {aiming for ...Ra1+.} 33. Qxc3 (33. Rxf5 {feels hotter.} Qc1+ 34. Kg2 Ra1 35. g4 Qh1+ 36. Kg3) 33... Bxc3 34. h4 Kg8 35. Rb7 Rad8 36. Rc5 Rc8 37. Rd5 (37. Rcb5 {is interesting.} h5 38. Kg2 g6 39. R5b6 Rf6 40. Ng5) 37... Rcd8 38. Rdb5 Rd6 39. Rc7 Ba1 40. Kg2 Ra6 41. h5 Ra2 42. Rd5 Ra6 43. Nh4 g6 44. h6 f4 {[#]} 45. g4 $1 f3+ 46. Kg3 Rb6 47. Rcd7 ({Wrong is} 47. Nxf3 $2 Rb3 $19) 47... Rb3 48. g5 {Rxh7! is the strong threat.} Bb2 $2 {[%mdl 8192] [#]} (48... Rf7 $16) 49. Rxh7 $3 {[%mdl 576] Clearance.  Weighted Error Value: White=0.05/Black=0.26} 1-0

[Event "83rd Tata Steel Masters 2021"]
[Site "Wijk aan Zee"]
[Date "2021.01.29"]
[Round "11.4"]
[White "Van Foreest, Jorden"]
[Black "Harikrishna, Pentala"]
[Result "1-0"]
[WhiteElo "2671"]
[BlackElo "2732"]
[Annotator "TA"]
[PlyCount "119"]
[EventDate "2021.01.16"]
[EventType "tourn"]
[EventCountry "NED"]
[SourceTitle "playchess.com"]
[Source "ChessBase"]
[SourceQuality "1"]

{[%evp 12,119,33,16,22,7,25,13,22,15,40,34,93,104,102,79,129,125,128,129,179,165,174,164,184,179,186,180,168,142,147,125,155,111,148,155,169,174,178,183,190,185,305,312,359,380,365,372,347,368,447,435,431,315,356,379,385,329,373,367,372,373,350,332,703,683,655,246,227,232,232,221,268,250,278,260,282,270,376,86,377,369,368,366,366,353,331,338,370,329,353,329,476,464,858,750,12835,10774,12842,12843,12843,12843,12845,12845,12847,12847,12847,12843,12844,336]} 1. e4 e5 2. Nf3 Nc6 3. Bc4 Bc5 4. c3 Nf6 5. d3 d6 6. O-O h6 7. Re1 O-O {C54: Giuoco Piano: 4 c3 Nf6, main lines with 5 d4 and 5 d3.} 8. Nbd2 a6 9. a4 Ng4 {The position is equal.} 10. Re2 Kh8 11. h3 f5 {[#]} 12. d4 $146 ({Of course not} 12. hxg4 fxg4 13. Nh2 g3 $11) ({Predecessor:} 12. Qe1 Nf6 13. Nh4 Kh7 14. Nxf5 Bxf5 15. exf5 d5 16. Bb3 Qd7 17. g4 Rae8 18. Bc2 {1-0 (40) Schoppen,C (2508)-Vestby Ellingsen,M (2363) Hoogeveen 2019}) 12... exd4 {...Nxf2! is the strong threat.} 13. hxg4 d3 14. Bxd3 fxg4 15. Nd4 Nxd4 16. cxd4 Bxd4 17. Nf1 Qf6 {[%cal Rd4f2]} 18. Qc2 $1 c5 19. Be3 Be5 20. Bc4 Bd7 21. Bd5 Rab8 22. Ng3 b5 23. axb5 Rxb5 24. Qd1 a5 25. Ra2 Rfb8 26. Rd2 Qh4 (26... Be6 $142 27. Nh5 Qf7) 27. b3 $18 R5b6 {and the idea ...a4 leaves Black hopeful.} 28. Rxa5 Bc6 29. Bxc6 Rxc6 30. Nf1 Rcb6 31. g3 Qh3 32. Bxc5 dxc5 33. Rd8+ (33. Rxc5 Bf6 $18) 33... Kh7 34. Rxb8 Rxb8 35. Rxc5 Re8 36. Qd7 Qh5 37. Ne3 Ra8 $2 (37... Qg6 38. Nxg4 Bd6) 38. Qb5 Re8 39. Qa5 $2 (39. b4) 39... Qg5 {[#]} 40. Rd5 $1 Qe7 41. Nxg4 Bb2 42. f3 Rc8 43. Qd2 Qa3 44. Rd7 Qxb3 {White must now prevent ...Rc1+.} 45. Qxh6+ $40 {[%mdl 128] White is out for blood.} Kg8 {[#] This move loses the game for Black.} 46. Qh5 Qe6 47. Qd5 Qxd5 48. Rxd5 {[%mdl 4096] Endgame KRB-KRN} ({Not} 48. exd5 Kf8 $18) 48... Rc2 49. Kf1 Bc1 50. Rd7 Kf8 51. e5 Bb2 (51... Rc3 {keeps fighting.} 52. Kf2 Rc2+ 53. Ke1 Rc3) 52. f4 {White is clearly winning.} g5 (52... Rc3 $142 53. Kg2 Ba3) 53. Ne3 Rc5 54. e6 gxf4 55. gxf4 Rc1+ 56. Ke2 Ba3 57. Nf5 {[%cal Rd7d8]} Rc8 58. Rf7+ Kg8 59. Kf3 Re8 60. Nh6+ {Weighted Error Value: White=0.15/Black=0.27} 1-0

[Event "83rd Tata Steel Masters 2021"]
[Site "Wijk aan Zee"]
[Date "2021.01.29"]
[Round "11.5"]
[White "Firouzja, Alireza"]
[Black "Caruana, Fabiano"]
[Result "1/2-1/2"]
[WhiteElo "2749"]
[BlackElo "2823"]
[Annotator "TA"]
[PlyCount "122"]
[EventDate "2021.01.16"]
[EventType "tourn"]
[EventCountry "NED"]
[SourceTitle "playchess.com"]
[Source "ChessBase"]
[SourceQuality "1"]

{[%evp 12,122,29,17,23,18,24,19,22,-10,0,-9,0,0,11,-18,0,0,-6,-18,-19,-19,9,-16,-14,-31,0,-119,0,-43,17,0,8,0,0,0,2,0,0,0,0,0,14,-13,-10,-29,-8,-66,-70,-64,-58,-158,53,52,39,44,113,100,112,109,141,114,113,107,98,102,100,95,100,103,98,93,110,106,102,77,88,0,0,0,0,0,0,0,0,0,0,0,0,0,0,0,0,0,0,0,0,0,0,0,0,0,0,0,0,0,0,0,0,0,0,0,0]} 1. e4 e5 2. Nf3 Nc6 3. Bc4 Bc5 4. c3 Nf6 5. d3 d6 6. O-O h6 7. Re1 O-O {C54: Giuoco Piano: 4 c3 Nf6, main lines with 5 d4 and 5 d3.} 8. Nbd2 Bb6 9. a4 a5 {[#]} 10. Bb5 $146 ({Predecessor:} 10. Nf1 Ne7 11. Ng3 Ng6 12. h3 c6 13. Bb3 d5 14. exd5 Nxd5 15. Nh5 Re8 16. Qd2 {1-0 (24) Chigaev,M (2588)-Nakamura,H (2736) chess.com INT 2020}) 10... Ng4 11. Re2 Ne7 12. d4 Ng6 13. Nf1 d5 14. exd5 {[%cal Rd4e5]} exd4 $1 15. h3 Nf6 16. Nxd4 Nxd5 17. Re1 Ndf4 18. Be3 c6 19. Bc4 {[#]} (19. Be2 $11) 19... Bc7 (19... Nxg2 $1 $17 {[%mdl 512]} 20. Kxg2 Qh4) 20. Ng3 {[#]} Nd5 (20... Nxg2 $1 $15 21. Kxg2 Qh4) 21. Bd2 Qd6 22. Bb3 Bd7 23. Nf3 Rfe8 24. Qc2 Ngf4 25. Rad1 Rxe1+ 26. Rxe1 Qf6 {White must now prevent ...Nxh3+!} 27. Nd4 Rd8 28. Re4 Qg6 29. Bxd5 (29. Bxf4 $11 Nxf4 30. Re7 Qxc2 31. Nxc2) 29... Nxd5 $15 30. Ngf5 $1 {Strongly threatening c4.} Qf6 {...c5 is the strong threat.} 31. Rg4 {[#]} (31. g4 $15) 31... g6 $2 (31... Kh8 $1 $17 32. Rh4 (32. Rxg7 $2 c5 $19) 32... Bxf5 33. Nxf5 Ne7 34. Nxh6 Qxh4 35. Nxf7+ Kg8 36. Nxd8 Bxd8 37. Qb3+ Kf8) 32. Nxh6+ $14 Kf8 33. Re4 $36 {[%mdl 2048] Black is under pressure.} Nf4 (33... g5 $14 34. Ng4 Qg6) 34. Ng4 $16 Bxg4 35. hxg4 Kg7 36. Bxf4 Bxf4 {[#]} 37. Nf5+ $1 {[%mdl 512]} gxf5 38. Rxf4 {[%mdl 4096] Endgame KQR-KQR} Qg5 39. Rxf5 (39. Qxf5 $2 {gets mated.} Rd1+ 40. Kh2 Qh4#) 39... Qxg4 {And now ...Rd1+ would win.} 40. Rf3 {aiming for Rg3.} Qh5 41. c4 Rd4 42. Qc3 Qe5 {( -> ...Rd1+)} 43. Rd3 c5 44. Rg3+ ({White should try} 44. Kf1 $16) 44... Kf8 $11 {The position is equal.} 45. Qxa5 Rd1+ {[%mdl 64] Discovered Attack} 46. Kh2 Qh5+ 47. Rh3 Qe5+ 48. g3 {Threatens to win with Qa8+.} Qf5 $1 {[%cal Rf5f2]} 49. Qa8+ {[%mdl 64] Double Attack} Ke7 {[%cal Rf5f2]} 50. Qxb7+ Rd7 51. Qh1 {Hoping for Qe1+.} (51. Qg2 {feels hotter.} Rd2 52. Kg1 Rd1+ 53. Kh2 Rd2) 51... Qxf2+ {[%mdl 64] Double Attack} 52. Qg2 Rd2 {[%csl Gd2][%cal Rf2g2]} 53. Qxf2 Rxf2+ {KR-KR} 54. Kg1 Rxb2 55. Rh5 Ra2 56. Rxc5 Rxa4 57. Kg2 Kd6 58. Rd5+ Ke6 59. Rd4 Ke5 60. Rf4 f5 61. Kh3 Ra3 {Weighted Error Value: White=0.16/Black=0.15} 1/2-1/2

[Event "83rd Tata Steel Masters 2021"]
[Site "Wijk aan Zee"]
[Date "2021.01.30"]
[Round "12.4"]
[White "Giri, Anish"]
[Black "Firouzja, Alireza"]
[Result "1/2-1/2"]
[WhiteElo "2764"]
[BlackElo "2749"]
[Annotator "TA"]
[PlyCount "134"]
[EventDate "2021.01.16"]
[EventType "tourn"]
[EventCountry "NED"]
[SourceTitle "playchess.com"]
[Source "ChessBase"]
[SourceQuality "1"]

{[%evp 16,134,8,12,17,15,15,14,12,13,20,17,16,23,18,29,27,29,31,33,44,35,47,50,52,51,60,52,37,12,14,18,20,13,13,13,13,12,8,16,18,15,47,37,114,58,41,33,181,178,200,189,185,152,205,220,196,88,191,189,191,179,181,171,162,156,265,254,308,333,303,263,347,337,429,431,399,256,251,257,233,235,246,252,246,236,207,219,272,266,201,210,371,356,539,464,525,495,564,714,687,544,540,486,710,652,610,0,0,0,0,0,0,0,0,0,0,0,0,0,0]} 1. e4 e6 2. d4 d5 3. Nc3 Nf6 4. e5 Nfd7 5. f4 c5 6. Nf3 Nc6 7. Be3 a6 8. a3 cxd4 9. Nxd4 Bc5 {C11: French: Classical System: 4 e5 and 4 Bg5 dxe4.} 10. Qd2 O-O 11. Be2 Qc7 12. O-O {[#]} b6 $146 ({Predecessor:} 12... Nxd4 13. Bxd4 b5 14. Qe3 Bxd4 15. Qxd4 Qa7 16. Qxa7 Rxa7 17. Bd3 g6 18. Ne2 Nc5 19. g4 b4 20. axb4 Nxd3 {½-½ (20) Faber,H (2502)-Glatzel,H (2460) Remote email 2013}) 13. Nxc6 Qxc6 14. b4 Bxe3+ 15. Qxe3 Bb7 {[#]} 16. Bd3 $1 d4 {[%csl Gb7][%cal Rc6g2]} 17. Qe4 Qxe4 18. Nxe4 Bd5 19. Ng5 g6 20. Nf3 Bxf3 21. Rxf3 b5 22. Be4 Rad8 23. Rd3 Nb6 24. Bb7 $36 {[%mdl 2048] White has good play.} Na4 $1 25. Bxa6 Nc3 26. Bb7 Ne2+ 27. Kf2 Nxf4 28. Rd2 d3 29. c3 Ne2 (29... Rb8 $14 30. Bf3 g5) 30. Ke3 (30. a4 $16) 30... Nxc3 {Threatening ...Nd5+.} 31. Rxd3 Rxd3+ (31... Rb8 $1 $14) 32. Kxd3 $14 {[%mdl 4096] Endgame KRB-KRN} Na4 33. Rc1 Rd8+ 34. Ke2 Kg7 (34... f6 $16) 35. Bc6 $1 $18 Rb8 36. Rc2 (36. Kd3 $18 {is more deadly.}) 36... Kf8 (36... g5 $16 {was worth a try.}) 37. Kd2 Ke7 38. Kc1 f6 39. exf6+ Kxf6 40. Kb1 $1 Ke5 {[#]} (40... e5 $16 {was necessary.} 41. Ka2 Ke6) 41. Ka2 $1 Kd4 42. Kb3 Kd3 43. Rf2 e5 44. Rf7 Nb6 45. Bxb5+ Kd4 46. a4 Nd5 47. Rxh7 e4 48. Rf7 e3 {[#]} 49. Rf1 $1 Nc3 50. Rf4+ Ke5 51. Rf3 ({Stronger than} 51. Kxc3 Kxf4 52. Be2 Rc8+ 53. Kb3 Rc1 $11) 51... Nxb5 52. Rxe3+ {KRN-KR} ({And not} 52. axb5 Kd4 $11) 52... Kd4 53. Rg3 Nd6 (53... Nc7 54. Rxg6 Re8) 54. Rxg6 Ne4 (54... Kd5 $142 55. h4 Re8 56. Rg5+ Kd4) 55. a5 {[%cal Ba4a5,Ba5a6,Ba6a7][%mdl 32]} Kd5 56. a6 Nc5+ 57. Ka3 Nd3 58. a7 Ra8 59. Rg7 Kc6 (59... Nf4 $142 60. b5 Ne6) 60. h4 Nf4 {and the idea ...Ne6 leaves Black hopeful.} 61. g4 $2 (61. Ka4 $18) 61... Ne6 $11 {The position is equal.} 62. Rf7 {aiming for g5.} (62. b5+ {keeps more tension.} Kxb5 63. Re7 Nd8 64. h5 Nc6 65. Rg7) 62... Nc7 63. g5 {Kb3 is the strong threat.} (63. Kb2 {is more complex.} Rxa7 64. h5 Ra4 65. Kb3 Ra1 66. Rg7) 63... Rxa7+ 64. Kb2 {Strongly threatening g6.} Ra8 65. g6 Ne6 66. h5 {Hoping for h6.} Rh8 67. Rh7 Rg8 {Blacks defense is rewarded with a draw.  Weighted Error Value: White=0.11/Black=0.29} 1/2-1/2